00442nam a2200169Ia 4500999001700000003000400017005001700021008004100038040000900079082002000088100003000108245003300138260003700171300000800208650001000216942004600226 c27456d27456OSt20201204100054.0190216s9999||||xx |||||||||||||| ||und|| coclc a894.8123bCHA/P aChandran, D Vinaya 97183 0aPodichi /cD Vinaya Chandran bPoorna Pubs,c1980.a Kozhikode: a58p aNovel cBK2ddch894.8123iCHA/Pk894.8123mCHA/P